Yüklüyor......
Management of current assets in KSE Ltd,Irinjalakuda,Thrissurr
| Yazar: | |
|---|---|
| Diğer Yazarlar: | |
| Materyal Türü: | Ph.D Thesis |
| LEADER | 00418nam a22001217a 4500 | ||
|---|---|---|---|
| 003 | OSt | ||
| 082 | |a R-323 |b JIT/MA | ||
| 100 | |a Jithin N P | ||
| 245 | |a Management of current assets in KSE Ltd,Irinjalakuda,Thrissurr | ||
| 700 | |a Dr.Gopinathan P | ||
| 942 | |2 ddc |c TH | ||
| 999 | |c 177811 |d 177811 | ||
| 952 | |0 0 |1 0 |2 ddc |4 0 |6 R_323_JIT_MA |7 0 |8 REF |9 182753 |a KAUCBV |b KAUCBV |c CHILD |d 2019-02-06 |o R-323 JIT/MA |p KAU_CCBM-R-323 |r 2019-02-06 |w 2019-02-06 |y TH | ||